LEADER 00888naa a2200169 i 4500 001 000000318808 003 CaOOAMICUS 005 20180831173255.0 008 180831n xx u000 u fre u 013 $a28382 040 $aSeMil$bita 100 1 $aQuesnel, Michel.$0(OLS)http://semarc/name/32657 245 13$aLa pedagogie de saint Paul aupres des Corinthiens, une education a la liberté. 650 4$aBibbia . Nuovo Testamento. Lettere ai Corinzi - Commentari, studi, critica, interpretazioni.$0(OLS)http://semarc/subject/2669 650 4$aPaolo - Educazione.$0(OLS)http://semarc/subject/37096 773 0 $tAutorità e libertà.$dMilano : V&P, 2011.$kUniversità. Pedagogia e scienze dell'educazione. Ricerche$z978-88-343-2017-4$gp.471-480$w()207909 996 $6245$aLa pedagogie de saint Paul aupres des Corinthiens, une education a la liberté$9(OLS)http://semarc/title/392619 LEADER 02738nas a2200493 i 4500 001 000000197774 003 CaOOAMICUS 005 20130327000000.0 008 110110b2012 it uu u0 0ita r 013 $a176461 040 $aSeMil$bita 245 10$a[2011-2012]. 260 $aMilano :$bITL,$c2011-2012. 300 $a1 v. (varie sequenze) :$bill. ;$c28 cm + [3] allegati. 500 $aIn Allegato : Inserti redazionali. 773 0 $tFiaccola.$dMilano : [s.n.], 1927.$w()2284 774 0 $tMaestro, cosa devo fare per avere la vita?.$w()274786 774 0 $t'annuncio che cambia la vita». - 32 p. - Titolo dalla copertina.$w()274787 774 0 $tSalti di qualità.$w()274788 774 0 $tSguardo sulla Diocesi. - 32 p. - Titolo dalla copertina.$w()274883 774 0 $tGiovani preti sulle orme di san Tommaso. - 32 p. - Titolo dalla copertina.$w()275063 774 0 $t«È Gesù che cercate quando cercate la felicità». - 32 p. - Titolo dalla copertina.$w()275260 774 0 $t«Nella vigna servitori di gioia». - 32 p. - Titolo dalla copertina.$w()275443 774 0 $t«Sosteniamoci lungo questo cammino». - 32 p. - Titolo dalla copertina.$w()276159 774 0 $tBenvenuto card. Scola. - 32 p. - Titolo dalla copertina.$w()276160 774 0 $tPercorsi vocazionali 2011-2012.$w()276161 774 0 $tVerbum caro factum est. - 32 p. - Titolo dalla copertina.$w()276432 774 0 $tMissione vocazionale 2011.$w()276325 774 0 $tInsieme per un coraggioso salto di qualità. - 32 p. - Titolo dalla copertina.$w()277245 774 0 $tArcivescovo ai seminaristi.$w()277244 774 0 $tSantità cristiana come via per l'unità. - 32 p. - Titolo dalla copertina.$w()277246 774 0 $tGiornata mondiale di preghiera per le vocazioni.$w()277247 774 0 $t«Risplenda la vostra luce davanti agli uomini». - 32 p. - Titolo dalla copertina.$w()277248 774 0 $tPapa a Milano con le famiglie del mondo. - 32 p. - Titolo dalla copertina.$w()277402 774 0 $tPercorsi vocazionali 2012-2013.$w()277601 774 0 $tPorta della fede. - 32 p. - Titolo dalla copertina.$w()277600 774 0 $t«Lampada per i miei passi è la tua Parola». - 32 p. - Numero dedicato alla memoria del card. Carlo Maria Martini. - Titolo dalla copertina.$w()277911 774 0 $tMissione vocazionale.$w()278105 774 0 $tNatale, invito alla gioia. - 32 p. - Titolo dalla copertina.$w()278272 850 $aSeMil 852 $aSeMil$W1$xVenegono$y1$m224 6 29$j148330$B148330$CSeMilBibl$Z2$F180661 $85 961 $aOmaggio: Seminario Arcivescovile di Milano 996 $6245$a[2011-2012]$9(OLS)http://semarc/title/285635 996 $6260$aMilano :$bITL$9(OLS)http://semarc/publisher/30648